[Event "6th Gibtelecom Masters"]
[Site "Gibraltar ENG"]
[Date "2008.01.30"]
[Round "9"]
[White "Klinova,M"]
[Black "Osuna Vega,E"]
[Result "1-0"]
[WhiteElo "2315"]
[BlackElo "2146"]
[EventDate "2008.01.22"]

1. e4 c5 2. Nf3 e6 3. c4 a6 4. Nc3 Qc7 5. Be2 d6 6. O-O Nf6 7. d4 cxd4 8.
Nxd4 Be7 9. Be3 Nbd7 10. Rc1 b6 11. f3 O-O 12. Qd2 Bb7 13. Rfd1 Rac8 14.
Bf1 Qb8 15. Qf2 Bd8 16. b3 Bc7 17. Qh4 Bd8 18. Qh3 Re8 19. Bd3 g6 20. Bf2
Be7 21. Bb1 Bf8 22. Nde2 Rcd8 23. Rd2 Be7 24. Rcd1 Ne5 25. Bxb6 Rc8 26. Bd4
d5 27. f4 Nc6 28. Bxf6 Bxf6 29. e5 Nxe5 30. fxe5 Bg5 31. cxd5 exd5 32. Rxd5
Bxd5 33. Rxd5 Rcd8 34. Rxd8 Qxd8 35. Qg3 Qd2 36. h4 Be3+ 37. Kh2 Rd8 38.
Be4 Bh6 39. h5 Re8 40. hxg6 hxg6 41. Bd5 Kg7 42. Qf3 f5 43. exf6+ Kf8 44.
f7 Re5 45. g4 Re3 46. Qg2 Bg7 47. Nf4 Rh3+ 48. Kxh3 Qxf4 49. Ne2 Qh6+ 50.
Kg3 Be5+ 51. Kf2 Qd2 52. Qe4 Qg5 1-0

[Event "6th Gibtelecom Masters"]
[Site "Gibraltar ENG"]
[Date "2008.01.30"]
[Round "9"]
[White "Vonthron,H"]
[Black "Van den Bersselaar,J"]
[Result "1-0"]
[WhiteElo "2308"]
[BlackElo "2164"]
[EventDate "2008.01.22"]

1. e4 c6 2. d4 d5 3. e5 c5 4. c4 Nc6 5. Nf3 cxd4 6. Nxd4 e6 7. Nc3 Bb4 8.
Nxc6 bxc6 9. Qg4 d4 10. a3 Bf8 11. Ne2 c5 12. Nf4 Qc7 13. Nd3 Ba6 14. Bf4
Bxc4 15. Rc1 Bd5 16. Nxc5 Nh6 17. Bb5+ Kd8 18. Bg5+ f6 19. Nxe6+ Bxe6 20.
Qxd4+ 1-0

[Event "6th Gibtelecom Masters"]
[Site "Gibraltar ENG"]
[Date "2008.01.30"]
[Round "9"]
[White "Danielmeier,R"]
[Black "Werner,Di"]
[Result "0-1"]
[WhiteElo "2112"]
[BlackElo "2293"]
[EventDate "2008.01.22"]

1. e4 c5 2. Nc3 e6 3. g3 Nc6 4. Bg2 g6 5. d3 Bg7 6. Be3 Nd4 7. Nce2 Ne7 8.
c3 Nxe2 9. Nxe2 b6 10. Qd2 Bb7 11. Bh6 Bxh6 12. Qxh6 Ng8 13. Qe3 Nf6 14. h3
d5 15. O-O dxe4 16. dxe4 e5 17. f4 O-O 18. fxe5 Nd7 19. Rad1 Qe7 20. e6
Qxe6 21. Nf4 Qe7 22. Qd2 Ne5 23. Nd5 Bxd5 24. exd5 Qd6 25. Qf4 Kg7 26. Rde1
f6 27. h4 h5 28. Bh3 Rad8 29. Be6 Nd3 30. Qxd6 Rxd6 31. Re2 c4 32. Re4 Nxb2
33. Rb1 Na4 34. Rxc4 Nc5 35. Rxc5 bxc5 36. Rb7+ Kh6 37. Rxa7 f5 38. Rc7 Ra6
39. Rxc5 Rb8 40. Rc6 Rb1+ 41. Kf2 Rxa2+ 42. Ke3 Kg7 43. Kf4 Ra4+ 44. c4 Rc1
45. Rc7+ Kh6 46. d6 Re1 47. Bd5 Ra2 48. Bf3 Rd2 49. g4 hxg4 50. Bd5 Rd4+
51. Kg3 Rd3+ 52. Kf2 Re5 53. Rc5 g3+ 54. Kf1 Rd2 0-1

[Event "6th Gibtelecom Masters"]
[Site "Gibraltar ENG"]
[Date "2008.01.30"]
[Round "9"]
[White "Revesz,Z"]
[Black "Obers,F"]
[Result "0-1"]
[WhiteElo "2283"]
[BlackElo "2094"]
[EventDate "2008.01.22"]

1. e4 e6 2. d4 d5 3. Nc3 Nf6 4. e5 Nfd7 5. f4 c5 6. Nf3 Nc6 7. Be3 Be7 8.
dxc5 O-O 9. Qd2 Bxc5 10. Bxc5 Nxc5 11. Bd3 Bd7 12. O-O-O Qa5 13. Kb1 Nb4
14. a3 Nbxd3 15. cxd3 Nb3 16. Qe1 Rfc8 17. Na2 Qc7 18. Qc3 Qb6 19. Qb4 Qxb4
20. Nxb4 a5 21. Na2 Nc5 22. Nd4 Ba4 23. Rd2 Bb3 24. Nc3 a4 25. Rf1 f6 26.
Rf3 fxe5 27. fxe5 Rf8 28. Nce2 Rxf3 29. Nxf3 Rf8 30. Ned4 g5 31. g4 Rf4 32.
h3 h6 33. Kc1 Kf7 34. Kb1 Kg6 35. Kc1 Kf7 36. Kb1 Kg6 37. Re2 Bd1 38. Re3
Bxf3 39. Nxf3 Nb3 40. Ne1 Rf2 41. Nc2 Rd2 42. Re1 Rxd3 43. Ne3 Rd2 44. Nd1
d4 45. Rf1 Kg7 46. Nf2 Re2 47. Ka2 Nd2 48. Rc1 Rxf2 0-1

[Event "6th Gibtelecom Masters"]
[Site "Gibraltar ENG"]
[Date "2008.01.30"]
[Round "9"]
[White "Hagen,Ande"]
[Black "Amigues,E"]
[Result "0-1"]
[WhiteElo "2049"]
[BlackElo "2378"]
[EventDate "2008.01.22"]

1. d4 d5 2. c4 e6 3. Nc3 Nf6 4. Bg5 c6 5. e3 Be7 6. Nf3 a6 7. Bd3 Nbd7 8.
O-O O-O 9. cxd5 Nxd5 10. Bxe7 Qxe7 11. Rc1 h6 12. Bb1 N5f6 13. e4 e5 14.
dxe5 Ng4 15. Nd4 Ndxe5 16. f4 Rd8 17. Nd5 cxd5 18. Rxc8 Raxc8 19. fxe5 Qxe5
20. Qxg4 Qxd4+ 21. Kh1 Qf2 22. Qd1 dxe4 0-1

[Event "6th Gibtelecom Masters"]
[Site "Gibraltar ENG"]
[Date "2008.01.30"]
[Round "9"]
[White "Byron,A"]
[Black "Strand,H"]
[Result "1/2-1/2"]
[WhiteElo "2229"]
[BlackElo "2045"]
[EventDate "2008.01.22"]

1. c4 Nf6 2. Nc3 e6 3. e4 d5 4. e5 Ne4 5. Nf3 c5 6. cxd5 Nxc3 7. dxc3 Qxd5
8. Bg5 h6 9. Bh4 Qxd1+ 10. Rxd1 Be7 11. Bb5+ Bd7 12. Bxd7+ Nxd7 13. Bg3
O-O-O 14. Nd2 Nb6 15. Ne4 Rxd1+ 16. Kxd1 c4 17. Kc2 Rd8 18. Re1 Nd5 19. a4
a6 20. a5 b5 21. axb6 Nxb6 22. Nd2 Kb7 23. Re4 Rd5 24. Nxc4 Nxc4 25. Rxc4
Bg5 26. f4 Bd8 27. Bf2 Bc7 28. Rd4 Kc6 29. Rxd5 Kxd5 30. Kd3 f5 31. exf6
gxf6 32. g3 f5 33. Bd4 h5 34. b4 h4 35. Bf6 hxg3 36. hxg3 Bb6 37. c4+ Kc6
38. c5 Bc7 39. Kc4 Kb7 40. b5 axb5+ 41. Kxb5 Bb8 42. Bd4 Bc7 43. Bc3 Bb8
44. Bb2 Bc7 45. Bf6 Bb8 46. Be7 Bc7 47. Bf8 Bd8 48. c6+ Kc7 49. Bg7 Be7 50.
Be5+ Kc8 51. Kb6 Bb4 52. c7 Bf8 53. Kc6 Be7 54. Bd6 Bf6 55. Bc5 Bg7 56. Be7
e5 57. Kd6 exf4 58. gxf4 Bh6 59. Bg5 Bf8+ 60. Kc6 Bb4 61. Kb6 Bd2 62. Bh6
Be3+ 1/2-1/2

[Event "6th Gibtelecom Masters"]
[Site "Gibraltar ENG"]
[Date "2008.01.30"]
[Round "9"]
[White "Pettersen,J"]
[Black "Kulago,A"]
[Result "1/2-1/2"]
[WhiteElo "2026"]
[BlackElo "2206"]
[EventDate "2008.01.22"]

1. Nf3 d5 2. d4 Nf6 3. g3 e6 4. Bg2 Be7 5. O-O b6 6. c4 Bb7 7. Qc2 Na6 8.
Nbd2 O-O 9. b3 c5 10. Bb2 Ne4 11. dxc5 Naxc5 12. Rfd1 Qc8 13. Nxe4 Nxe4 14.
Rac1 Rd8 15. Nd2 f5 16. Nf3 dxc4 17. Rxd8+ Bxd8 18. Qxc4 Qxc4 19. Rxc4 Bd5
20. Rc2 b5 21. Nd2 Bb6 22. Nxe4 fxe4 23. e3 a5 24. Bf1 b4 25. Bb5 Kf7 26.
Kf1 Ra7 27. Rc8 Rc7 28. Rxc7+ Bxc7 29. Bd4 g5 30. Kg2 g4 31. Ba4 Bb7 32.
Bb5 Ke7 33. Bc5+ Kd8 34. Bd4 Ba8 35. Ba4 Bb7 36. Bb5 Ke7 37. Bc5+ 1/2-1/2

[Event "6th Gibtelecom Masters"]
[Site "Gibraltar ENG"]
[Date "2008.01.30"]
[Round "9"]
[White "Compton,A"]
[Black "Webster,R"]
[Result "1-0"]
[WhiteElo "2132"]
[BlackElo "1989"]
[EventDate "2008.01.22"]

1. e4 e6 2. d4 d5 3. e5 c5 4. c3 Nc6 5. Nf3 Bd7 6. dxc5 Bxc5 7. b4 Bb6 8.
b5 Nce7 9. Bd3 a6 10. bxa6 bxa6 11. Qe2 Nf5 12. a4 a5 13. Ba3 h5 14. O-O
Nge7 15. Nbd2 h4 16. c4 Rc8 17. Kh1 g5 18. Nxg5 Ng6 19. Nh3 Bd4 20. Bxf5
exf5 21. cxd5 Bxa1 22. Rxa1 Bxa4 23. e6 Qxd5 24. exf7+ Kxf7 25. Ng5+ Kg8
26. Qa6 Rc6 27. Qa8+ Kg7 28. Qa7+ Kf6 29. Ndf3 Rc2 30. Nh7+ Rxh7 31. Qxh7
Qc4 32. Rd1 Nf8 33. Qe7+ Kg6 34. Ne5+ 1-0

[Event "6th Gibtelecom Masters"]
[Site "Gibraltar ENG"]
[Date "2008.01.30"]
[Round "9"]
[White "Hansen,PA"]
[Black "Matthews,A"]
[Result "0-1"]
[WhiteElo "2108"]
[BlackElo "1920"]
[EventDate "2008.01.22"]

1. e4 c5 2. Nf3 Nc6 3. d4 cxd4 4. Nxd4 Nf6 5. Nc3 e5 6. Ndb5 d6 7. Nd5 Nxd5
8. exd5 Nb8 9. c4 Be7 10. Be2 a6 11. Nc3 O-O 12. O-O f5 13. f4 Qb6+ 14. Kh1
Nd7 15. Na4 Qa7 16. Qb3 exf4 17. Bxf4 Nc5 18. Nxc5 Qxc5 19. Be3 Qc7 20. Bb6
Qd7 21. Rae1 Bh4 22. g3 Bf6 23. Bd3 Be5 24. c5 Kh8 25. Qc2 Qf7 26. Qg2 Bd7
27. Rf2 Bd4 28. Rfe2 Rae8 29. c6 Bxb6 30. cxd7 Rxe2 31. Qxe2 Qxd5+ 32. Qg2
Qxd3 0-1

[Event "6th Gibtelecom Masters"]
[Site "Gibraltar ENG"]
[Date "2008.01.30"]
[Round "9"]
[White "Kvisla,J"]
[Black "Petrovic,Mark"]
[Result "1-0"]
[WhiteElo "2130"]
[BlackElo "1983"]
[EventDate "2008.01.22"]

1. d4 Nf6 2. c4 c5 3. d5 e6 4. Nc3 exd5 5. cxd5 d6 6. e4 g6 7. f3 Bg7 8.
Bg5 Nbd7 9. Nh3 O-O 10. Be2 a6 11. a4 Qa5 12. O-O Re8 13. Qd2 Rb8 14. Nf2
Kh8 15. Bh6 Qd8 16. Bxg7+ Kxg7 17. h3 Nh5 18. Ng4 f5 19. exf5 g5 20. f6+
Ndxf6 21. Qxg5+ Kh8 22. Nh6 Qe7 23. Bd3 Qe3+ 24. Qxe3 Rxe3 25. Bf5 Ng3 26.
Bxc8 Nxf1 27. Nf7+ Kg8 28. Be6 Nd2 29. Kf2 Nc4 30. Ne5+ Kf8 31. Nxc4 Rxe6
32. dxe6 d5 33. Nb6 d4 34. Ncd5 Nxd5 35. Nd7+ 1-0

[Event "6th Gibtelecom Masters"]
[Site "Gibraltar ENG"]
[Date "2008.01.30"]
[Round "9"]
[White "Waters,M"]
[Black "Jacobsen,M"]
[Result "1-0"]
[WhiteElo "2102"]
[BlackElo "1799"]
[EventDate "2008.01.22"]

1. e4 c5 2. Nc3 Nc6 3. Bc4 Nf6 4. d3 g6 5. f4 d6 6. Nf3 Bg4 7. O-O Nd4 8.
Kh1 Bg7 9. Be3 Nxf3 10. gxf3 Be6 11. Bxe6 fxe6 12. Rg1 Qd7 13. a4 Nh5 14.
Qd2 O-O 15. Rg2 Rf7 16. Rag1 Raf8 17. Rg4 Bxc3 18. bxc3 Qxa4 19. Rh4 Ng7
20. Rh6 Qc6 21. h4 e5 22. h5 Rf6 23. hxg6 hxg6 24. f5 Nxf5 25. exf5 Qxf3+
26. Kh2 Qxf5 27. Qg2 Kg7 28. Qxb7 Qe6 29. Qe4 Rh8 30. Qh4 Rxh6 31. Qxh6+
Kf7 32. Rg2 Qa2 33. Bg5 Re6 34. Qh8 Rf6 35. Bxf6 exf6 36. Qh7+ Ke6 37. Qg8+
1-0

[Event "6th Gibtelecom Masters"]
[Site "Gibraltar ENG"]
[Date "2008.01.30"]
[Round "9"]
[White "Larsson,D"]
[Black "Flores Chico,J"]
[Result "0-1"]
[WhiteElo "2003"]
[BlackElo "2092"]
[EventDate "2008.01.22"]

1. e4 e6 2. d4 d5 3. Nc3 Nf6 4. e5 Nfd7 5. f4 c5 6. Nf3 Nc6 7. a3 cxd4 8.
Nxd4 Nxd4 9. Qxd4 Bc5 10. Qd2 f6 11. b4 Be7 12. exf6 Bxf6 13. Bb2 a5 14.
Be2 axb4 15. axb4 Rxa1+ 16. Bxa1 Qb6 17. Na4 Qa7 18. Bxf6 Nxf6 19. Nc5 b6
20. Nb3 Ne4 21. Qd4 O-O 22. O-O Qb8 23. g3 g5 24. Bd3 gxf4 25. Bxe4 dxe4
26. Qxe4 e5 27. gxf4 exf4 28. Rf2 Bh3 29. Qc4+ Rf7 30. Rf3 Bg4 31. Rf1 Qe5
32. Qd3 Rd7 33. Qc4+ Be6 34. Qc8+ Kg7 35. h4 Qe3+ 36. Kh1 Bd5+ 0-1

[Event "6th Gibtelecom Masters"]
[Site "Gibraltar ENG"]
[Date "2008.01.30"]
[Round "9"]
[White "Lindsoe,F"]
[Black "Reppen,S"]
[Result "1/2-1/2"]
[WhiteElo "2001"]
[BlackElo "2061"]
[EventDate "2008.01.22"]

1. Nf3 e6 2. d4 f5 3. c4 Nf6 4. Nc3 d5 5. e3 c6 6. Bd3 Bd6 7. Qc2 Ne4 8.
O-O Nd7 9. b3 Qe7 10. Bb2 O-O 11. Rac1 Ndf6 12. Ne5 Bd7 13. f3 Nxc3 14.
Bxc3 Be8 15. Be1 Nd7 16. Bg3 Nxe5 17. dxe5 Ba3 18. Rcd1 Bh5 19. Be2 g5 20.
f4 Bxe2 21. Qxe2 g4 22. Qf2 Rac8 23. Bh4 Qf7 24. Rd3 Rc7 25. Qd2 Be7 26.
Bxe7 Qxe7 27. cxd5 cxd5 28. Rc1 Rcc8 29. Rcc3 Rc5 30. b4 Rc4 31. a3 1/2-1/2

[Event "6th Gibtelecom Masters"]
[Site "Gibraltar ENG"]
[Date "2008.01.30"]
[Round "9"]
[White "Kuenitz,K"]
[Black "Hughes,Ro"]
[Result "0-1"]
[WhiteElo "1645"]
[BlackElo "2051"]
[EventDate "2008.01.22"]

1. d4 Nf6 2. c4 e6 3. Nf3 Bb4+ 4. Bd2 Qe7 5. g3 O-O 6. Bg2 Nc6 7. O-O Bxd2
8. Nbxd2 d6 9. e3 e5 10. d5 Nd8 11. Qc2 a5 12. b3 b6 13. a4 Nb7 14. Rae1
Nc5 15. e4 Nh5 16. Nh4 g6 17. Ndf3 Ng7 18. h3 f5 19. exf5 g5 20. g4 gxh4
21. Nd4 Qf6 22. Nb5 Rf7 23. f4 exf4 24. Rxf4 Ba6 25. Nd4 Re8 26. Ne6 Ngxe6
27. dxe6 Rg7 28. Kh1 Bb7 29. Bxb7 Nxb7 30. Qf2 Nc5 31. Re3 h6 32. Kh2 Rge7
33. Kh1 Rd8 34. Qf3 Kg7 35. Kh2 Rf8 36. Qe2 Na6 37. Qg2 Qg5 38. Ref3 Rf6
39. Qb2 Nc5 40. Qc3 Na6 41. Qe3 Nb4 42. Qe4 Kh7 43. Kh1 Na6 44. Qa8 Nc5 45.
Qd8 Qg7 46. Qa8 Rf8 47. Qd5 Qe5 48. Qd2 Ne4 49. Qe3 Ng3+ 50. Kg2 Qxe3 51.
Rxe3 Kg7 52. Rd4 Kf6 53. Re1 Rg8 54. Kf3 Rg5 55. Kf2 h5 56. Rf4 hxg4 57.
hxg4 Nxf5 58. Rh1 Kxe6 59. gxf5+ Rxf5 60. Rhxh4 Rxf4+ 61. Rxf4 Rf7 62. Rxf7
Kxf7 63. Ke3 Ke6 64. Kd4 c6 65. Ke4 d5+ 66. Kd4 c5+ 67. Kc3 0-1

[Event "6th Gibtelecom Masters"]
[Site "Gibraltar ENG"]
[Date "2008.01.30"]
[Round "9"]
[White "Foisor,M"]
[Black "Yarur Elsaca,D"]
[Result "1-0"]
[WhiteElo "2043"]
[BlackElo "1848"]
[EventDate "2008.01.22"]

1. d4 Nf6 2. c4 g6 3. Nc3 Bg7 4. Nf3 O-O 5. Bg5 d6 6. e3 h6 7. Bh4 g5 8.
Bg3 Nh5 9. Bd3 Nxg3 10. hxg3 e5 11. Qc2 f5 12. dxe5 dxe5 13. O-O-O c6 14.
Bxf5 Bxf5 15. Rxd8 Bxc2 16. Rxf8+ Kxf8 17. Kxc2 Nd7 18. Ne4 Nf6 19. Nxf6
Bxf6 20. Rxh6 Kg7 21. Rh1 Rd8 22. Nd2 b6 23. Ne4 Be7 24. Rd1 Rxd1 25. Kxd1
Kg6 26. g4 Kf7 27. Ke2 Ke6 28. g3 b5 29. b3 Kf7 30. f4 Ke6 31. fxg5 Bxg5
32. Nxg5+ 1-0

[Event "6th Gibtelecom Masters"]
[Site "Gibraltar ENG"]
[Date "2008.01.30"]
[Round "9"]
[White "Gibson,Ch"]
[Black "Husin,A"]
[Result "1-0"]
[WhiteElo "2019"]
[BlackElo "2012"]
[EventDate "2008.01.22"]

1. d4 d5 2. c4 e6 3. Nc3 c6 4. Nf3 dxc4 5. a4 Bb4 6. e3 b5 7. Bd2 Bb7 8.
axb5 Bxc3 9. Bxc3 cxb5 10. b3 a5 11. bxc4 b4 12. Bb2 Nf6 13. Bd3 Nbd7 14.
O-O O-O 15. Re1 Qc7 16. e4 e5 17. c5 Rfe8 18. Rc1 exd4 19. c6 Bxc6 20. Bb5
Rxe4 21. Rxe4 Nxe4 22. Bxc6 1-0

[Event "6th Gibtelecom Masters"]
[Site "Gibraltar ENG"]
[Date "2008.01.30"]
[Round "9"]
[White "Hamer,M"]
[Black "Van Kemenade,R"]
[Result "1-0"]
[WhiteElo "1962"]
[BlackElo "2029"]
[EventDate "2008.01.22"]

1. e4 e5 2. Nf3 Nf6 3. Nxe5 d6 4. Nf3 Nxe4 5. d4 d5 6. Bd3 Nc6 7. O-O Be7
8. c4 Nb4 9. Be2 O-O 10. Nc3 c6 11. Bf4 g5 12. Be5 f6 13. Bg3 h5 14. h3
Nxg3 15. fxg3 Qd6 16. a3 Na6 17. cxd5 cxd5 18. Qd3 Kg7 19. Nh2 Rh8 20. Rae1
Bd7 21. Bf3 Nc7 22. Rf2 Bd8 23. g4 h4 24. Nf1 Be6 25. Rfe2 Bf7 26. Ne3 Bg6
27. Qd2 Ne6 28. Nexd5 Bf7 29. Rd1 Rc8 30. Ne3 Bg6 31. Bxb7 Bc7 32. Nf1 Rcd8
33. Nb5 Qb6 34. Rxe6 Qxb5 35. Re7+ Kh6 36. Rxc7 Qb6 37. Qc3 Rhe8 38. Bf3
Be4 39. Ne3 Bxf3 40. Nf5+ Kg6 41. Rg7+ 1-0

[Event "6th Gibtelecom Masters"]
[Site "Gibraltar ENG"]
[Date "2008.01.30"]
[Round "9"]
[White "Hickman,J"]
[Black "Munz,J"]
[Result "1-0"]
[WhiteElo "2009"]
[BlackElo "1861"]
[EventDate "2008.01.22"]

1. Nf3 Nf6 2. g3 g6 3. Bg2 Bg7 4. O-O O-O 5. d3 d5 6. Nbd2 c6 7. e4 dxe4 8.
dxe4 Nbd7 9. Qe2 e5 10. Nc4 Qc7 11. Rd1 b5 12. Nd6 Ne8 13. Nxc8 Rxc8 14. b3
Nd6 15. Ba3 c5 16. Qd3 Qa5 17. Qxd6 Rfd8 18. Bb2 Nb6 19. Qxd8+ Rxd8 20.
Rxd8+ Bf8 21. Bxe5 Nc4 22. Bf6 Nd6 23. Be7 Nb7 24. Rxf8+ 1-0

[Event "6th Gibtelecom Masters"]
[Site "Gibraltar ENG"]
[Date "2008.01.30"]
[Round "9"]
[White "Georgieva,E"]
[Black "Reppen,E"]
[Result "1-0"]
[WhiteElo "1985"]
[BlackElo "1918"]
[EventDate "2008.01.22"]

1. d4 d5 2. Nf3 Nf6 3. c3 Bf5 4. Bf4 e6 5. e3 Bd6 6. Bg3 O-O 7. Nbd2 h6 8.
Qb3 b6 9. Ne5 Bxe5 10. Bxe5 Nbd7 11. Bf4 Nh5 12. Be2 Nxf4 13. exf4 c5 14.
O-O Qc7 15. g3 Bh3 16. Rfe1 Nf6 17. Bf1 Bxf1 18. Kxf1 Rac8 19. Nf3 Ne4 20.
Re2 Rfe8 21. Kg2 c4 22. Qc2 b5 23. a3 a5 24. Nd2 Nd6 25. h4 Rb8 26. Rh1 b4
27. axb4 axb4 28. g4 bxc3 29. bxc3 Nb5 30. Kf3 Qa5 31. Re3 Ra8 32. h5 Qa2
33. Qc1 Qa3 34. Qc2 Qa2 35. Qc1 Qa3 36. Qg1 f6 37. g5 fxg5 38. fxg5 Rf8+
39. Kg2 hxg5 40. h6 g6 41. h7+ Kh8 42. Qh2 Rf4 43. Qh6 Rg4+ 44. Rg3 Rxg3+
45. fxg3 Qxc3 46. Qxg5 Qxd4 47. Rh4 Qc3 48. Rh6 Qg7 49. Rxg6 Qxg6 50. Qxg6
c3 51. Nf3 Nd6 52. Ng5 1-0

[Event "6th Gibtelecom Masters"]
[Site "Gibraltar ENG"]
[Date "2008.01.30"]
[Round "9"]
[White "Gonzalez Amaya,M"]
[Black "Matto,M"]
[Result "1/2-1/2"]
[WhiteElo "1823"]
[BlackElo "1886"]
[EventDate "2008.01.22"]

1. e4 d6 2. Nc3 e6 3. Nge2 Be7 4. g3 Nd7 5. Bg2 h6 6. O-O c6 7. d3 Ngf6 8.
h3 Nf8 9. f4 N8h7 10. g4 Bd7 11. Ng3 Qc7 12. a4 O-O-O 13. a5 g5 14. f5 d5
15. Qe1 d4 16. Nce2 Bd6 17. c3 h5 18. cxd4 e5 19. Nxh5 Nxh5 20. gxh5 exd4
21. Nxd4 Rdg8 22. Be3 Nf6 23. Rc1 a6 24. Nf3 Rxh5 25. Bb6 Qb8 26. e5 g4 27.
hxg4 Nxg4 28. exd6 Qxd6 29. f6 Nh2 30. Qe3 Nxf3+ 31. Qxf3 Qh2+ 32. Kf2 Rf5
33. Ke3 Rxf3+ 34. Bxf3 Qxb2 35. Rg1 Re8+ 36. Be4 Qxf6 37. Rcf1 Qh6+ 38. Kd4
Qd6+ 39. Kc3 Be6 40. Rf3 Qa3+ 41. Kd2 Qb2+ 42. Kd1 Bb3+ 43. Ke1 Qc1+ 44.
Kf2 Qd2+ 45. Kf1 Rxe4 46. Rg8+ Kd7 47. Rd8+ Ke7 48. dxe4 Bc4+ 49. Kg1 Qg5+
50. Kf2 Qh4+ 51. Ke3 Qe1+ 52. Kf4 Be2 53. Rf2 Qc1+ 54. Kf5 Bh5 55. Rfd2
Bg6+ 56. Kf4 Qf1+ 57. Kg4 Qc4 58. R8d7+ Kf8 59. Rd8+ Kg7 60. Bd4+ f6 61.
Rd7+ Bf7 62. Kf4 Qc1 1/2-1/2

[Event "6th Gibtelecom Masters"]
[Site "Gibraltar ENG"]
[Date "2008.01.31"]
[Round "10"]
[White "Socko,M"]
[Black "Petrosian,TL"]
[Result "0-1"]
[WhiteElo "2479"]
[BlackElo "2606"]
[EventDate "2008.01.22"]

1. d4 d5 2. c4 e6 3. Nc3 c5 4. Nf3 Nc6 5. cxd5 exd5 6. g3 Nf6 7. Bg2 Be7 8.
Bg5 cxd4 9. Nxd4 O-O 10. O-O h6 11. Bf4 Bg4 12. h3 Bh5 13. Rc1 Qd7 14. Qa4
Rac8 15. Rfd1 Rfd8 16. Nxc6 bxc6 17. Be3 Rb8 18. Rd2 Rb4 19. Qa5 Qe8 20.
Bd4 Rdb8 21. b3 R4b7 22. Bc5 Bg6 23. e3 Nd7 24. Bxe7 Qxe7 25. Ne2 Ne5 26.
Nd4 Rb6 27. Qc3 Rc8 28. f4 Nd7 29. Bxd5 Nf6 30. Bg2 Ne4 31. Bxe4 Bxe4 32.
Qc5 Qd7 33. Kh2 Rb5 34. Qc4 Rd5 35. Rf2 c5 36. Ne2 Re8 37. Nc3 Rh5 38. Qf1
Bf5 39. h4 Rxe3 40. Rd1 Qe7 41. Nd5 Rxh4+ 42. gxh4 Qxh4+ 43. Kg1 Be4 44.
Rg2 Bxg2 45. Qa6 Qh1+ 46. Kf2 Rf3+ 0-1

[Event "6th Gibtelecom Masters"]
[Site "Gibraltar ENG"]
[Date "2008.01.31"]
[Round "10"]
[White "Berg,E"]
[Black "Hebden,M"]
[Result "1-0"]
[WhiteElo "2583"]
[BlackElo "2530"]
[EventDate "2008.01.22"]

1. e4 e5 2. Nf3 Nc6 3. Bb5 a6 4. Ba4 Nf6 5. O-O Be7 6. Re1 b5 7. Bb3 O-O 8.
c3 d5 9. d4 exd4 10. e5 Ne4 11. cxd4 Bb4 12. Nbd2 Bf5 13. a3 Be7 14. Bc2 f6
15. Nxe4 dxe4 16. Nh4 Nxd4 17. Nxf5 Nxf5 18. Qg4 fxe5 19. Bxe4 g6 20. Bxa8
Qxa8 21. Rxe5 Bd6 22. Re2 Qd5 23. Qe4 Qd1+ 24. Re1 Qb3 25. Qe6+ Qxe6 26.
Rxe6 a5 27. Re4 a4 28. Bf4 Bxf4 29. Rxf4 Rd8 30. g4 Nd4 31. Kf1 g5 32. Rf6
Kg7 33. Ra6 Nf3 34. Rc1 Rd7 35. Rac6 Nd2+ 36. Kg2 Nc4 37. Rc5 c6 38. Rxg5+
Kf7 39. Rc5 Rd2 40. Rxc6 Nxb2 41. R1c5 Nd3 42. Rxb5 1-0

[Event "6th Gibtelecom Masters"]
[Site "Gibraltar ENG"]
[Date "2008.01.31"]
[Round "10"]
[White "Wippermann,T"]
[Black "Szabo,Krisz1"]
[Result "0-1"]
[WhiteElo "2435"]
[BlackElo "2500"]
[EventDate "2008.01.22"]

1. e4 e5 2. Nf3 Nc6 3. Bb5 Nf6 4. O-O Nxe4 5. d4 a6 6. Bxc6 dxc6 7. Qe2 Bf5
8. Rd1 Qe7 9. dxe5 Rd8 10. Rxd8+ Kxd8 11. Nbd2 Nxd2 12. Bxd2 Kc8 13. Nd4
Bd7 14. Re1 c5 15. e6 cxd4 16. exd7+ Qxd7 17. Qe8+ Qxe8 18. Rxe8+ Kd7 19.
Rb8 b6 20. Bb4 c5 21. Bd2 Kc6 22. Bf4 f6 23. Rc8+ Kd7 24. Rb8 Kc6 25. Rc8+
Kd7 26. Rb8 g5 27. Bg3 Kc6 28. Rc8+ Kb5 29. f4 Bg7 30. Rc7 Bh6 31. f5 g4
32. Re7 Bc1 33. b3 Kb4 34. Be1+ Ka3 35. Rb7 Re8 36. Kf1 Kb2 37. Rxb6 Re5
38. Rxf6 Kxc2 39. Bg3 Rd5 40. Rf7 d3 41. Be1 Re5 42. Ba5 c4 0-1

[Event "6th Gibtelecom Masters"]
[Site "Gibraltar ENG"]
[Date "2008.01.31"]
[Round "10"]
[White "Leon Hoyos,M"]
[Black "Quillan,G"]
[Result "0-1"]
[WhiteElo "2495"]
[BlackElo "2362"]
[EventDate "2008.01.22"]

1. d4 e6 2. c4 Nf6 3. Nc3 c5 4. Nf3 cxd4 5. Nxd4 Bb4 6. g3 Ne4 7. Qd3 Qa5
8. Nb3 Qf5 9. Qe3 Nc6 10. a3 Bxc3+ 11. bxc3 O-O 12. Bg2 d5 13. O-O Nf6 14.
Nd4 Qh5 15. h3 Nxd4 16. cxd4 dxc4 17. Rb1 Rb8 18. g4 Qg6 19. Rb5 Nd5 20.
Qg3 Bd7 21. Rc5 Qc2 22. e4 Nc3 23. Qe3 Rfc8 24. Rg5 g6 25. Rh5 Ne2+ 26. Kh1
Nxc1 27. Rxc1 Qd3 28. Qh6 Qxd4 29. Qxh7+ Kf8 30. e5 Ke7 31. Qh6 Rf8 32.
Qg5+ Ke8 33. Rh7 c3 34. h4 Rc8 35. Bxb7 Rc5 36. Bg2 Rxe5 37. Qh6 Qd2 38.
Kh2 Re2 39. Rh8 Qxh6 40. Rxh6 c2 41. Kg3 Ba4 42. h5 g5 43. f4 gxf4+ 44. Kh3
Rd2 45. Be4 Ke7 46. g5 Rd1 47. Bxc2 Rxc1 48. Bxa4 Rg1 49. g6 fxg6 50. Kh2
Rg5 51. hxg6 Kd6 52. Bb3 Rf6 53. Bxe6 Kxe6 0-1

[Event "6th Gibtelecom Masters"]
[Site "Gibraltar ENG"]
[Date "2008.01.31"]
[Round "10"]
[White "Karlsson,L"]
[Black "Devereaux,M"]
[Result "0-1"]
[WhiteElo "2488"]
[BlackElo "2348"]
[EventDate "2008.01.22"]

1. f4 d5 2. Nf3 Nf6 3. e3 Bg4 4. Be2 Nbd7 5. O-O g6 6. b3 Bg7 7. Bb2 O-O 8.
d3 c6 9. Nbd2 Qb6 10. Bd4 c5 11. Bb2 Ne8 12. Ne5 Bxe2 13. Qxe2 Rd8 14. Ndf3
Nxe5 15. Nxe5 f6 16. Nf3 Nd6 17. c4 e6 18. e4 dxe4 19. dxe4 Nf7 20. Rae1
Qc6 21. Qf2 Nd6 22. Qc2 Nc8 23. f5 e5 24. fxg6 hxg6 25. Qf2 Ne7 26. Qh4 Qe6
27. Rd1 Nc6 28. Qg3 Rxd1 29. Rxd1 f5 30. Qh4 Bf6 31. Qh6 Bg7 32. Qh4 Bf6
33. Qh3 Nd4 34. Bxd4 cxd4 35. Re1 d3 36. Qh6 Bg7 37. Qe3 fxe4 38. Qxe4 Qb6+
39. Kh1 Rd8 40. Rd1 Qc6 41. Qh4 Bf6 42. Qg3 e4 43. Nd2 Bd4 44. Qh4 Re8 45.
Rf1 Bg7 46. Qf2 Rf8 47. Qe3 Rxf1+ 48. Nxf1 Qf6 49. Kg1 Qa1 50. Qf4 d2 0-1

[Event "6th Gibtelecom Masters"]
[Site "Gibraltar ENG"]
[Date "2008.01.31"]
[Round "10"]
[White "Al Sayed,Mohamad"]
[Black "Karim,I"]
[Result "1-0"]
[WhiteElo "2486"]
[BlackElo "2347"]
[EventDate "2008.01.22"]

1. e4 e5 2. Nf3 Nc6 3. Bc4 Bc5 4. c3 Nf6 5. d3 a6 6. Bb3 Ba7 7. Nbd2 O-O 8.
h3 d6 9. Nf1 Ne7 10. Nh4 Nd7 11. g4 Nc5 12. Nf5 Nxb3 13. axb3 d5 14. Qf3
dxe4 15. dxe4 Be6 16. N1g3 f6 17. Nh5 Nxf5 18. gxf5 Bf7 19. Rg1 Bxh5 20.
Qxh5 Kh8 21. Qe2 Qd7 22. Bd2 Qf7 23. O-O-O a5 24. Kc2 b5 25. Qxb5 Bxf2 26.
Rgf1 Rab8 27. Qc4 Qxc4 28. bxc4 Bb6 29. h4 Rbd8 30. h5 h6 31. Bc1 Kg8 32.
Kb3 Kf7 33. Ka4 c6 34. b3 Bc5 35. Ba3 Bxa3 36. Kxa3 Ke7 37. Ka4 Rb8 38. Rg1
Rf7 39. c5 Ke8 40. Rd6 Rc7 41. Rxf6 1-0

[Event "6th Gibtelecom Masters"]
[Site "Gibraltar ENG"]
[Date "2008.01.31"]
[Round "10"]
[White "Bellon Lopez,JuM"]
[Black "Kozlov,O"]
[Result "1-0"]
[WhiteElo "2455"]
[BlackElo "2144"]
[EventDate "2008.01.22"]

1. d4 d5 2. Bg5 c5 3. e4 Nc6 4. dxc5 d4 5. Nd2 f6 6. Bh4 e5 7. f4 exf4 8.
Nb3 Nh6 9. h3 Nf7 10. Bf2 Bxc5 11. Nxc5 Qa5+ 12. c3 Qxc5 13. Bxd4 Nxd4 14.
Qxd4 Qxd4 15. cxd4 Nd6 16. Bd3 O-O 17. Ne2 Re8 18. Nc3 Bf5 19. O-O Bxe4 20.
Bxe4 Nxe4 21. Rxf4 Nxc3 22. bxc3 Rac8 23. Rb1 b6 24. Rb3 Rc4 25. Kf2 Ra4
26. a3 Kf7 27. Rf3 Re4 28. Re3 Rf4+ 29. Ke2 Rf5 30. Kd3 Rf1 31. Rb4 Rxa3
32. Rc4 Kg6 33. Rc7 Kh6 34. Ree7 Rc1 35. Kd2 Rg1 36. Rxg7 Rxg2+ 37. Rxg2
Ra2+ 38. Kd3 Rxg2 39. d5 a5 40. Rc6 Kg5 41. d6 Rg1 42. Ke2 Rg2+ 43. Ke3 Rg1
44. Kf2 Rh1 45. Rc4 Rh2+ 46. Kg3 Re2 47. d7 1-0